000 01334nam a2200325 a 4500
001 ebr10657921
003 CaPaEBR
006 m u
007 cr cn|||||||||
008 121015s2013 enka sb 001 0 eng d
010 _z 2012034627
020 _z9780470027363 (cloth)
020 _z9780470027370 (pbk.)
020 _z9780470515877 (e-book)
040 _aCaPaEBR
_cCaPaEBR
035 _a(OCoLC)828198323
050 1 4 _aRC488.5
_b.M4879 2013eb
082 0 4 _a616.89/1560023
_223
100 1 _aMead, D. Eugene
_q(Donald Eugene),
_d1934-
245 1 0 _aBecoming a marriage and family therapist
_h[electronic resource] :
_bfrom classroom to consulting room /
_cD. Eugene Mead.
260 _aChichester, West Sussex :
_bJohn Wiley & Sons, Inc.,
_c2013.
300 _axviii, 294 p. :
_bill.
504 _aIncludes bibliographical references and index.
533 _aElectronic reproduction.
_bPalo Alto, Calif. :
_cebrary,
_d2013.
_nAvailable via World Wide Web.
_nAccess may be limited to ebrary affiliated libraries.
650 0 _aFamily psychotherapy
_xPractice.
650 0 _aPsychotherapy
_xVocational guidance.
655 7 _aElectronic books.
_2local
710 2 _aebrary, Inc.
856 4 0 _uhttp://site.ebrary.com/lib/rucke/Doc?id=10657921
_zAn electronic book accessible through the World Wide Web; click to view
999 _c64928
_d64928